000 00782cam a2200265 a 4500
001 146237
003 OSt
005 20180921
008 0000002007 AD 0000000000 00
020 _a9978-82-725-0
245 _aVademécun Pediátrico /
_cEdifarm
250 _a4
260 _a[s. n.] :
_bEdifarm
300 _a392 p.
504 _aIncluye índice
650 _aFarmacologia
_aMedicamentos
_aTerapeutica
040 _aDLC
_cDLC
942 _2ddc
_cBK
999 _c146237
_d14623700